书目信息 |
| 题名: |
高等有机化学基础
|
|
| 作者: | 荣国斌 编著 | |
| 分册: | ||
| 出版信息: | 北京 化学工业出版社 2019重印 |
|
| 页数: | 562页 | |
| 开本: | 26cm | |
| 丛书名: | 化学与应用化学丛书 | |
| 单 册: | ||
| 中图分类: | O62-43 | |
| 科图分类: | ||
| 主题词: | 有机化学--you ji hua xue--高等学校--教材 | |
| 电子资源: | ||
| ISBN: | 978-7-122-20615-2 | |
| 000 | 01111nam 2200313 45 | |
| 001 | 012001000192 | |
| 005 | 20191108093447.21 | |
| 010 | @a978-7-122-20615-2@dCNY98.00 | |
| 099 | @aCAL 012015012853 | |
| 100 | @a20141224d2015 em y0chiy50 ea | |
| 101 | 0 | @achi |
| 102 | @aCN@b110000 | |
| 105 | @aak a 001yy | |
| 106 | @ar | |
| 200 | 1 | @a高等有机化学基础@Agao deng you ji hua xue ji chu@f荣国斌编著 |
| 205 | @a第4版 | |
| 210 | @a北京@c化学工业出版社@d2019重印 | |
| 215 | @a562页@c图@d26cm | |
| 225 | 2 | @a化学与应用化学丛书@Ahua xue yu ying yong hua xue cong shu |
| 300 | @a“十一五”国家重点图书 | |
| 320 | @a有书目和索引 | |
| 330 | @a本书分别论述有机分子的内外性质、酸和碱、立体化学、活泼中间体、周环反应、有机光化学、金属有机化学、天然产物化学和有机反应机理和测定方法等。 | |
| 333 | @a适用于高等院校化学类各专业师生、化学领域工作者及相关读者。 | |
| 410 | 0 | @12001@@a化学与应用化学丛书 |
| 606 | 0 | @a有机化学@Ayou ji hua xue@x高等学校@j教材 |
| 690 | @aO62-43@v5 | |
| 701 | 0 | @a荣国斌@Arong guo bin@4编著 |
| 801 | 0 | @aCN@b北京卓展文化@c20191020 |
| 905 | @b1200037-9@dO62-43@e245=4@f3 | |
| 高等有机化学基础/荣国斌编著.-第4版.-北京:化学工业出版社,2019重印 |
| 562页:图;26cm.-(化学与应用化学丛书) |
| “十一五”国家重点图书.-使用对象:适用于高等院校化学类各专业师生、化学领域工作者及相关读者。 |
| ISBN 978-7-122-20615-2:CNY98.00 |
| 本书分别论述有机分子的内外性质、酸和碱、立体化学、活泼中间体、周环反应、有机光化学、金属有机化学、天然产物化学和有机反应机理和测定方法等。 |
| ● |
| 相关链接 |
|
|
|
|
正题名:高等有机化学基础
索取号:O62-43/245=4
 
预约/预借
| 序号 | 登录号 | 条形码 | 馆藏地/架位号 | 状态 | 备注 |
| 1 | 1200037 | 212000378 | 第二样本阅览室/ [索取号:O62-43/245=4] | 在馆 | |
| 2 | 1200038 | 212000387 | 第三借阅区/ [索取号:O62-43/245=4] | 在馆 | |
| 3 | 1200039 | 212000396 | 第三借阅区/ [索取号:O62-43/245=4] | 在馆 |